| 000 | 00654nac a22001931u 4500 | ||
|---|---|---|---|
| 010 | _a 98013591 | ||
| 020 | _a0262100717 | ||
| 082 | 0 | 0 |
_a330.015195 _bJUD |
| 090 |
_c9432 _d9432 |
||
| 100 | _aJudd, Kenneth L. | ||
| 245 | 1 | 0 |
_aNumerical methods in economics / _cKenneth L. Judd. |
| 260 |
_aCambridge, Mass. : _bMIT Press,1998 _c1998. |
||
| 300 |
_axiii, 633 p. : _bill. ; _c24 cm. |
||
| 500 | _adistributer: Al-Ahram | ||
| 504 | _aIncludes bibliographical references (p. [609]-622) and index. | ||
| 511 | _acatalogued by: wessam | ||
| 650 | 0 |
_aEconomics _xStatistical methods. |
|
| 942 |
_cBB _k330.015195JUD |
||
| 999 |
_c9432 _d9432 |
||